00386nam a22001457a 450000500170000000800410001702200120005804100120007008200120008210000120009424500350010626000450014130000290018665000250021520240821083143.0240821b |||||||| |||| 00| 0 eng d a2710677 aEnglish a349 YEA lEnglish aYearbook of South African Law  aCape Town: bJuta and Company Ltd,c2021 bx, 1208 pages; c25 cm.  aLegal practice bLaw